Sports Quiz

Random Sports Quiz
Score 0/6 Timer 01:00
0 Plays Today
Player % Correct
Reggie Bush
87%
Sam Bradford
74.7%
Troy Smith
72.2%
Jason White
69.2%
Eric Crouch
53.6%
Chris Weinke
50%
Remove Ads.
Support Sporcle.
Get the best of Sporcle when you Go Orange. This ad-free experience offers more features, more stats, and more fun while also helping to support Sporcle. Thank you for becoming a member.

You're not logged in!

Compare scores with friends on all Sporcle quizzes.
OR
Log In

Show Comments

Extras

Top Quizzes Today


Score Distribution

Your Account Isn't Verified!

In order to create a playlist on Sporcle, you need to verify the email address you used during registration. Go to your Sporcle Settings to finish the process.

Report this User

Report this user for behavior that violates our Community Guidelines.

Details: